| 000 | 00000nam 2200000zi 4500 |
| 001 | 9.933119 |
| 003 | CaOODSP |
| 005 | 20240404124623 |
| 006 | m o d f |
| 007 | cr mn||||||||| |
| 008 | 240130t20242024onc ob f000 0 eng d |
| 020 | |a9780660698922 |
| 040 | |aCaOODSP|beng|erda|cCaOODSP |
| 043 | |an-cn--- |
| 045 | |ay2y2 |
| 086 | 1 |aH14-544/1-2024E-PDF |
| 245 | 04|aThe childhood immunization coverage survey in key populations (KPCICS) : |b2SLGBTQI+ and men who have sex with men (MSM) parents 2023 : report / |cprepared for the Public Health Agency of Canada. |
| 264 | 1|a[Ottawa] : |bPublic Health Agency of Canada = Agence de la santé publique du Canada, |c2024. |
| 264 | 4|c©2024 |
| 300 | |a1 online resource (65 pages) + |esummary (5 pages) |
| 336 | |atext|btxt|2rdacontent |
| 337 | |acomputer|bc|2rdamedia |
| 338 | |aonline resource|bcr|2rdacarrier |
| 500 | |aIssued also in French under title: Enquête sur la couverture vaccinale des enfants dans les populations clés (ECVEPC) - parents 2SLGBTQI+ et hommes ayant des relations sexuelles avec des hommes 2023 : rapport. |
| 500 | |a"Supplier name: Advanis Inc." |
| 500 | |a"Contract number: 6D142-22-6343." |
| 500 | |a"Registration number: POR 145-22." |
| 500 | |a"February 2024"--Page 3. |
| 504 | |aIncludes bibliographical references. |
| 650 | 0|aVaccination of children|zCanada|xPublic opinion. |
| 650 | 0|aCOVID-19 (Disease)|xVaccination|zCanada|xPublic opinion. |
| 650 | 0|aVaccines|zCanada|xPublic opinion. |
| 650 | 0|aCOVID-19 vaccines|zCanada|xPublic opinion. |
| 650 | 0|aPublic opinion|zCanada. |
| 650 | 0|aSexual minority parents|zCanada|xAttitudes. |
| 650 | 0|aGay fathers|zCanada|xAttitudes. |
| 710 | 2 |aPublic Health Agency of Canada, |eissuing body. |
| 710 | 2 |aAdvanis (Firm), |econsultant. |
| 775 | 08|tEnquête sur la couverture vaccinale des enfants dans les populations clés (ECVEPC) - parents 2SLGBTQI+ et hommes ayant des relations sexuelles avec des hommes 2023 : |w(CaOODSP)9.933120 |
| 856 | 40|qPDF|s1.02 MB|uhttps://publications.gc.ca/collections/collection_2024/aspc-phac/H14-544-1-2024-eng.pdf|z(report) |
| 856 | 40|qPDF|s254 KB|uhttps://publications.gc.ca/collections/collection_2024/aspc-phac/H14-544-1-2024-1-eng.pdf|z(executive summary) |
| 856 | 4 |qHTML|sN/A|uhttps://epe.bac-lac.gc.ca/100/200/301/pwgsc-tpsgc/por-ef/public_health_agency_canada/2023/145-22-e/POR145-22-report.html|z(report) |
| 856 | 4 |qHTML|sN/A|uhttps://epe.bac-lac.gc.ca/100/200/301/pwgsc-tpsgc/por-ef/public_health_agency_canada/2023/145-22-e/summary/POR145-22-summary.html|z(executive summary) |
| 856 | 4 |qHTML|sN/A|uhttps://epe.bac-lac.gc.ca/100/200/301/pwgsc-tpsgc/por-ef/public_health_agency_canada/2023/145-22-e/index.html|z(complete dataset) |